<?xml version="1.0" encoding="UTF-8"?>
<collection xmlns="http://www.loc.gov/MARC21/slim">
 <record>
  <leader>01769nam a2200277   4500</leader>
  <controlfield tag="001">000007931</controlfield>
  <controlfield tag="003">4108</controlfield>
  <controlfield tag="005">20150812140845.0</controlfield>
  <controlfield tag="008">111013s                               sd</controlfield>
  <datafield tag="100" ind1="0" ind2=" ">
   <subfield code="a">Trần Đức Long</subfield>
  </datafield>
  <datafield tag="245" ind1="0" ind2="0">
   <subfield code="a">Bài tập giải tích</subfield>
   <subfield code="c">Trần Đức Long, Nguyễn Đình Sang, Hoàng Quốc Toàn</subfield>
  </datafield>
  <datafield tag="774" ind1=" " ind2=" ">
   <subfield code="b">In lần thứ 4 có chỉnh sữa</subfield>
   <subfield code="d">Đại học Quốc gia Hà nội</subfield>
   <subfield code="d">H.</subfield>
   <subfield code="d">2005</subfield>
   <subfield code="g">T.1</subfield>
   <subfield code="h">330 tr</subfield>
   <subfield code="t">Phép tính vi phân</subfield>
   <subfield code="w">4109</subfield>
  </datafield>
  <datafield tag="774" ind1=" " ind2=" ">
   <subfield code="a">Trần Đức Long</subfield>
   <subfield code="b">In lần thứ 4</subfield>
   <subfield code="d">Đại học Quốc gia Hà nội</subfield>
   <subfield code="d">H.</subfield>
   <subfield code="d">2007</subfield>
   <subfield code="g">T.2</subfield>
   <subfield code="h">442 tr</subfield>
   <subfield code="t">Tích phân không xác định - Tích phân xác định - Tích phân suy rộng - Chuỗi số - Chuỗi hàm</subfield>
   <subfield code="w">4110</subfield>
  </datafield>
  <datafield tag="774" ind1=" " ind2=" ">
   <subfield code="a">Triệu Khuê</subfield>
   <subfield code="b">In lần thứ 2</subfield>
   <subfield code="d">H.</subfield>
   <subfield code="d">Giáo dục</subfield>
   <subfield code="d">1980</subfield>
   <subfield code="g">T.4</subfield>
   <subfield code="h">135 tr.</subfield>
   <subfield code="w">6379</subfield>
  </datafield>
  <datafield tag="774" ind1=" " ind2=" ">
   <subfield code="b">In lần thứ 4 có chỉnh sữa</subfield>
   <subfield code="d">H.</subfield>
   <subfield code="d">Đại học Quốc gia Hà nội</subfield>
   <subfield code="d">2005</subfield>
   <subfield code="g">T.1</subfield>
   <subfield code="h">330 tr</subfield>
   <subfield code="o">KM.008853, KM.008854</subfield>
   <subfield code="t">Phép tính vi phân</subfield>
   <subfield code="w">9401</subfield>
  </datafield>
  <datafield tag="774" ind1=" " ind2=" ">
   <subfield code="a">Trần Đức Long</subfield>
   <subfield code="b">In lần thứ 4</subfield>
   <subfield code="d">Đại học Quốc gia Hà nội</subfield>
   <subfield code="d">H.</subfield>
   <subfield code="d">2007</subfield>
   <subfield code="g">T.2</subfield>
   <subfield code="h">442 tr</subfield>
   <subfield code="o">KM.008855</subfield>
   <subfield code="t">Tích phân không xác định - Tích phân xác định - Tích phân suy rộng - Chuỗi số - Chuỗi hàm</subfield>
   <subfield code="w">9402</subfield>
  </datafield>
  <datafield tag="774" ind1=" " ind2=" ">
   <subfield code="a">Trần Đức Long</subfield>
   <subfield code="b">In lần thứ 4; có chỉnh sữa</subfield>
   <subfield code="d">Đại học Quốc gia Hà nội</subfield>
   <subfield code="d">H.</subfield>
   <subfield code="d">2005</subfield>
   <subfield code="g">T.3</subfield>
   <subfield code="h">268 tr</subfield>
   <subfield code="t">Tích phân phụ thuộc tham số - Tích phân bội - Tích phân đường và Tích phân mặt</subfield>
   <subfield code="w">4114</subfield>
  </datafield>
  <datafield tag="774" ind1=" " ind2=" ">
   <subfield code="b">In lần thứ 5 có chỉnh sữa</subfield>
   <subfield code="d">Đại học Quốc gia Hà nội</subfield>
   <subfield code="d">H.</subfield>
   <subfield code="d">2007</subfield>
   <subfield code="g">T.1</subfield>
   <subfield code="h">330 tr</subfield>
   <subfield code="t">Phép tính vi phân</subfield>
   <subfield code="w">12775</subfield>
  </datafield>
  <datafield tag="OWN" ind1=" " ind2=" ">
   <subfield code="a">LSP</subfield>
  </datafield>
  <datafield tag="999" ind1=" " ind2=" ">
   <subfield code="a">From the UDN01</subfield>
  </datafield>
  <datafield tag="TYP" ind1=" " ind2=" ">
   <subfield code="a">Monograph</subfield>
  </datafield>
  <datafield tag="TYP" ind1=" " ind2=" ">
   <subfield code="a">Printed language</subfield>
  </datafield>
  <datafield tag="980" ind1=" " ind2=" ">
   <subfield code="a">Mạng thư viện Đại học Đà Nẵng</subfield>
  </datafield>
 </record>
</collection>
